Les capitales de l'Amérique du Sud - partie 1 - Statistiques

Statistiques générales
  • Ce quiz a été pris 57 fois
  • Le résultat moyen est 4 sur 6
Statistiques - réponses
Question Réponse % Correct
La capitale du Brésil ? Brasília
83%
La capitale de l'Argentine ? Buenos Aires
83%
La capitale du Pérou ? Lima
83%
La capitale du Chili ? Santiago
83%
La capitale de l'Uruguay ? Montevideo
67%
La capitale de la Bolivie ? La Paz
0%
Aucun quiz correspondant
Distribution des résultats
% des personnes avec chaque résultat
Percentile par nombre de réponses
Votre historique - résultats
Vous n’avez pas pris ce quiz